[Event "Gibtelecom ChallWk1 5th"]
[Site "Gibraltar"]
[Date "2007.01.25"]
[Round "3.3"]
[White "Schmidt, Raul"]
[Black "Vea, Odin Blikra"]
[Result "1/2-1/2"]
[WhiteElo "1979"]
[BlackElo "2147"]
[PlyCount "73"]
[EventDate "2007.01.23"]
[EventType "swiss"]
[EventRounds "5"]
[EventCountry "GGB"]
[SourceTitle "BritBase"]
[Source "www.saund.co.uk"]
[SourceDate "2018.02.10"]
[SourceVersion "1"]
[SourceVersionDate "2018.02.10"]
[SourceQuality "1"]

1. Nf3 Nc6 2. d4 d5 3. e3 Nf6 4. c4 Bg4 5. Qb3 Bxf3 6. gxf3 e6 7. Qxb7 Nb4 8.
Qb5+ c6 9. Qa4 dxc4 10. Bxc4 Nfd5 11. a3 Nb6 12. Qb3 N4d5 13. Bd3 Qf6 14. f4
Be7 15. Nd2 Rc8 16. Qd1 Nxe3 17. fxe3 Qh4+ 18. Ke2 Qg4+ 19. Nf3 Qg2+ 20. Ke1
Qxh1+ 21. Bf1 c5 22. Kf2 Bh4+ 23. Nxh4 Qxh2+ 24. Ng2 O-O 25. Bd2 cxd4 26. exd4
Nd5 27. Bd3 Rfd8 28. Qh1 Qxh1 29. Rxh1 g6 30. Ne1 Kg7 31. Nf3 f6 32. b4 Rc7 33.
b5 Nb6 34. Re1 Kf7 35. Rh1 Kg7 36. Re1 Kf7 37. Rh1 1/2-1/2

[Event "Gibtelecom ChallWk1 5th"]
[Site "Gibraltar"]
[Date "2007.01.25"]
[Round "3.5"]
[White "Dunn, Andrew"]
[Black "Straub, Peter"]
[Result "1/2-1/2"]
[WhiteElo "2190"]
[BlackElo "2096"]
[PlyCount "80"]
[EventDate "2007.01.23"]
[EventType "swiss"]
[EventRounds "5"]
[EventCountry "GGB"]
[SourceTitle "BritBase"]
[Source "www.saund.co.uk"]
[SourceDate "2018.02.10"]
[SourceVersion "1"]
[SourceVersionDate "2018.02.10"]
[SourceQuality "1"]

1. d4 Nf6 2. c4 g6 3. Nf3 Bg7 4. g3 d6 5. Nc3 O-O 6. Bg2 Nc6 7. O-O a6 8. e4
Rb8 9. d5 Na5 10. Qd3 c5 11. Rb1 b5 12. cxb5 c4 13. Qc2 axb5 14. a3 Nd7 15. Be3
Ba6 16. Na2 Nc5 17. Nb4 Bb7 18. Nd4 Qd7 19. Rfd1 Ncb3 20. Nbc6 Nxc6 21. Nxc6
Bxc6 22. dxc6 Qxc6 23. e5 Qc7 24. exd6 exd6 25. Rd5 Rfd8 26. Rbd1 Qe7 27. a4
bxa4 28. Qxc4 Bxb2 29. Qxa4 Nc5 30. Qc4 Ne6 31. Bh3 Bg7 32. Qe4 Rd7 33. Qd3 Bf8
34. Qa3 Rdb7 35. R5d3 Qf6 36. Qa6 Rb1 37. Bg2 Qb2 38. Bf3 Qc2 39. Kg2 Rxd1 40.
Rxd1 Qc8 1/2-1/2

[Event "Gibtelecom ChallWk1 5th"]
[Site "Gibraltar"]
[Date "2007.01.25"]
[Round "3.6"]
[White "Farrand, Julian"]
[Black "Strand, Haakon"]
[Result "1-0"]
[WhiteElo "2164"]
[BlackElo "2015"]
[PlyCount "51"]
[EventDate "2007.01.23"]
[EventType "swiss"]
[EventRounds "5"]
[EventCountry "GGB"]
[SourceTitle "BritBase"]
[Source "www.saund.co.uk"]
[SourceDate "2018.02.10"]
[SourceVersion "1"]
[SourceVersionDate "2018.02.10"]
[SourceQuality "1"]

1. d4 Nf6 2. Nc3 d5 3. Bg5 c5 4. Bxf6 gxf6 5. e4 dxe4 6. dxc5 Qa5 7. Qd4 Nc6 8.
Qxe4 Bg7 9. Bb5 Bd7 10. Nge2 O-O 11. a3 f5 12. Qh4 a6 13. Rd1 Rad8 14. Ba4 Qxc5
15. O-O e6 16. Bxc6 Qxc6 17. Rd3 Rde8 18. Rfd1 Bc8 19. Rh3 h6 20. Nf4 e5 21.
Nh5 Re6 22. Rg3 Rg6 23. Nd5 Qxc2 24. Rf1 Kh7 25. Nxg7 Kxg7 26. Qf6+ 1-0

[Event "Gibtelecom ChallWk1 5th"]
[Site "Gibraltar"]
[Date "2007.01.25"]
[Round "3.7"]
[White "Dekker, Alain"]
[Black "Galliano, Alex"]
[Result "1-0"]
[WhiteElo "2144"]
[BlackElo "1300"]
[PlyCount "91"]
[EventDate "2007.01.23"]
[EventType "swiss"]
[EventRounds "5"]
[EventCountry "GGB"]
[SourceTitle "BritBase"]
[Source "www.saund.co.uk"]
[SourceDate "2018.02.10"]
[SourceVersion "1"]
[SourceVersionDate "2018.02.10"]
[SourceQuality "1"]

1. e4 e5 2. f4 Bc5 3. Nf3 d6 4. Bc4 Nf6 5. d3 Nc6 6. c3 Qe7 7. Qe2 a6 8. b4 Ba7
9. f5 b5 10. Bb3 a5 11. bxa5 Nxa5 12. Bc2 Bd7 13. Bg5 Nc6 14. a3 Bb6 15. Bd2
Bc5 16. Be3 Bxe3 17. Qxe3 h6 18. O-O O-O 19. Nbd2 d5 20. a4 bxa4 21. Bxa4 dxe4
22. dxe4 Na5 23. Bxd7 Nxd7 24. Rfb1 Nc6 25. h3 Rfb8 26. Rxa8 Rxa8 27. Kh2 Rb8
28. Rxb8+ Ndxb8 29. Qe2 Qc5 30. Qd3 Kh7 31. Nb3 Qe7 32. Qb5 Qd6 33. Nbd2 Nd7
34. Nc4 Qc5 35. Qb3 Qe7 36. Ne3 Nf6 37. Qc4 Nd8 38. Nd5 Nxd5 39. Qxd5 f6 40.
Nh4 Qd6 41. Qa8 h5 42. Ng6 Kh6 43. h4 Qd7 44. Qa3 Qf7 45. Qa7 Qd7 46. Qe3+ 1-0

[Event "Gibtelecom ChallWk1 5th"]
[Site "Gibraltar"]
[Date "2007.01.25"]
[Round "3.8"]
[White "Compton, Alistair"]
[Black "Stokes, Ivan"]
[Result "1/2-1/2"]
[WhiteElo "2093"]
[BlackElo "2044"]
[PlyCount "56"]
[EventDate "2007.01.23"]
[EventType "swiss"]
[EventRounds "5"]
[EventCountry "GGB"]
[SourceTitle "BritBase"]
[Source "www.saund.co.uk"]
[SourceDate "2018.02.10"]
[SourceVersion "1"]
[SourceVersionDate "2018.02.10"]
[SourceQuality "1"]

1. e4 d6 2. Nc3 Nf6 3. f4 e5 4. Nf3 Bg4 5. h3 Bxf3 6. Qxf3 Be7 7. Bc4 Nc6 8. d3
Nd4 9. Qd1 c6 10. a4 a5 11. O-O O-O 12. Kh1 exf4 13. Bxf4 d5 14. exd5 Nxd5 15.
Nxd5 cxd5 16. Ba2 Bf6 17. Be3 Qd6 18. c3 Nc6 19. d4 Ne7 20. Qg4 Qe6 21. Qf3
Rad8 22. Rae1 Qc6 23. Qd1 Ng6 24. Bb1 Rde8 25. Bd3 Qd6 26. Qh5 Qg3 27. Qf3 Qxf3
28. Rxf3 Bg5 1/2-1/2

[Event "Gibtelecom ChallWk1 5th"]
[Site "Gibraltar"]
[Date "2007.01.25"]
[Round "3.9"]
[White "Obers, Frits"]
[Black "Osuna Vega, Enrique"]
[Result "1/2-1/2"]
[WhiteElo "2071"]
[BlackElo "2177"]
[PlyCount "53"]
[EventDate "2007.01.23"]
[EventType "swiss"]
[EventRounds "5"]
[EventCountry "GGB"]
[SourceTitle "BritBase"]
[Source "www.saund.co.uk"]
[SourceDate "2018.02.10"]
[SourceVersion "1"]
[SourceVersionDate "2018.02.10"]
[SourceQuality "1"]

1. d4 Nf6 2. c4 g6 3. Nc3 d5 4. cxd5 Nxd5 5. e4 Nxc3 6. bxc3 Bg7 7. Bc4 c5 8.
Ne2 O-O 9. Be3 cxd4 10. cxd4 Nc6 11. O-O Bg4 12. f3 Na5 13. Bd3 Be6 14. Rc1
Bxa2 15. Qa4 Be6 16. d5 Bd7 17. Qa3 Re8 18. Rc2 e6 19. d6 Nc6 20. f4 e5 21. f5
a5 22. fxg6 hxg6 23. Bc4 Be6 24. Bb5 Bd7 25. Bc4 Be6 26. Bb5 Bd7 27. Bc4
1/2-1/2

[Event "Gibtelecom ChallWk1 5th"]
[Site "Gibraltar"]
[Date "2007.01.25"]
[Round "3.10"]
[White "Soraas, Torben"]
[Black "Hamer, Martyn"]
[Result "1-0"]
[WhiteElo "2155"]
[BlackElo "1987"]
[PlyCount "55"]
[EventDate "2007.01.23"]
[EventType "swiss"]
[EventRounds "5"]
[EventCountry "GGB"]
[SourceTitle "BritBase"]
[Source "www.saund.co.uk"]
[SourceDate "2018.02.10"]
[SourceVersion "1"]
[SourceVersionDate "2018.02.10"]
[SourceQuality "1"]

1. e4 e5 2. d4 exd4 3. Nf3 Nc6 4. Bc4 Bb4+ 5. c3 dxc3 6. bxc3 Ba5 7. O-O d6 8.
Qb3 Qf6 9. Re1 Nge7 10. Bg5 Qg6 11. Bxe7 Kxe7 12. e5 Kf8 13. exd6 cxd6 14. Nbd2
Bb6 15. Re2 Na5 16. Qb5 Bh3 17. Nh4 Qg4 18. Re4 Qc8 19. gxh3 g6 20. Qd5 Qc7 21.
Rae1 Nxc4 22. Rxc4 Qd7 23. Rce4 Rc8 24. Qg5 Kg7 25. Qg3 Rhe8 26. Nf5+ Kg8 27.
Nxd6 Rxe4 28. N2xe4 1-0

[Event "Gibtelecom ChallWk1 5th"]
[Site "Gibraltar"]
[Date "2007.01.25"]
[Round "3.11"]
[White "Gravett, Alan D"]
[Black "Vickery, Jim"]
[Result "1/2-1/2"]
[WhiteElo "1869"]
[BlackElo "2132"]
[PlyCount "89"]
[EventDate "2007.01.23"]
[EventType "swiss"]
[EventRounds "5"]
[EventCountry "GGB"]
[SourceTitle "BritBase"]
[Source "www.saund.co.uk"]
[SourceDate "2018.02.10"]
[SourceVersion "1"]
[SourceVersionDate "2018.02.10"]
[SourceQuality "1"]

1. g3 Nf6 2. Bg2 g6 3. e4 d6 4. d4 Bg7 5. Ne2 O-O 6. O-O e5 7. Nbc3 c6 8. a4
Re8 9. a5 Bg4 10. f3 Be6 11. Bg5 Bc4 12. Ra4 Bxe2 13. Nxe2 h6 14. Be3 Nbd7 15.
Qd2 Kh7 16. h3 Qc7 17. Nc3 Bf8 18. f4 exf4 19. gxf4 Bg7 20. e5 Ng8 21. Ne4 dxe5
22. fxe5 f5 23. Nd6 Rf8 24. Rc4 Ne7 25. a6 Nb6 26. axb7 Nxc4 27. bxa8=N Nxd2
28. Nxc7 Nxf1 29. Kxf1 f4 30. Ne6 fxe3+ 31. Nxf8+ Bxf8 32. Ke2 h5 33. Kxe3 Bh6+
34. Kd3 Bc1 35. b3 g5 36. Be4+ Kg8 37. Bf3 Nd5 38. Bxd5+ cxd5 39. Ne8 g4 40.
Nf6+ Kf7 41. Nxh5 gxh3 42. Ng3 h2 43. c4 Ke6 44. c5 a5 45. Kc2 1/2-1/2

[Event "Gibtelecom ChallWk1 5th"]
[Site "Gibraltar"]
[Date "2007.01.25"]
[Round "3.12"]
[White "Nyland, Thomas"]
[Black "Portman, Carl"]
[Result "1-0"]
[WhiteElo "2124"]
[BlackElo "1848"]
[PlyCount "171"]
[EventDate "2007.01.23"]
[EventType "swiss"]
[EventRounds "5"]
[EventCountry "GGB"]
[SourceTitle "BritBase"]
[Source "www.saund.co.uk"]
[SourceDate "2018.02.10"]
[SourceVersion "1"]
[SourceVersionDate "2018.02.10"]
[SourceQuality "1"]

1. d4 d5 2. c4 c6 3. Nc3 Nf6 4. Nf3 g6 5. cxd5 cxd5 6. Bf4 Qa5 7. Qb3 Bg7 8.
Qb5+ Qxb5 9. Nxb5 Na6 10. e3 Bd7 11. Bd3 O-O 12. O-O Nh5 13. Ne5 Bxe5 14. Bxe5
f6 15. Bg3 Nxg3 16. hxg3 Nb4 {(=)} 17. Be2 a6 18. Nc3 e6 19. Rfc1 Rfb8 20. a3
Nc6 21. Bf3 f5 22. Na4 b6 23. Nc3 Ne7 24. Ne2 Rc8 25. Nf4 Rxc1+ 26. Rxc1 Rc8
27. Rxc8+ Bxc8 28. Kf1 Kf7 29. Nd3 Nc6 30. Ke2 Ke7 31. Kd2 Kd6 32. Bd1 Bd7 33.
Kc3 Bc8 34. Ba4 b5 35. Bd1 Kc7 36. b4 Kd6 37. Nc5 Na7 38. Be2 Ke7 39. f3 Kd6
40. Kb3 Nc6 41. f4 Ke7 42. a4 Na7 43. g4 Kd6 44. g5 Kc6 45. g4 Kd6 46. gxf5
exf5 47. Nd3 Bd7 48. axb5 axb5 49. Nc1 Nc8 50. Na2 Na7 51. Nc3 Bc6 52. Kc2 Ke7
53. Kd3 Kd6 54. Bd1 Nc8 55. Bb3 Nb6 56. Nb1 Nc8 57. Nd2 Na7 58. Nf3 Bd7 59. Ne5
Be8 60. Kc3 Ke6 61. e4 fxe4 62. Ng4 Kf5 63. Nf6 Bf7 64. Bxd5 Bxd5 65. Nxd5 Nc6
66. Nc7 Kxf4 67. d5 Ne5 68. Nxb5 e3 69. Nd4 Kxg5 70. b5 h5 71. d6 h4 72. Nf3+
Nxf3 73. d7 e2 74. d8=Q+ Kf4 75. Qe7 e1=Q+ 76. Qxe1 Nxe1 77. b6 h3 78. b7 Kg3
79. b8=Q+ Kg2 80. Qb2+ Kg3 81. Qb1 h2 82. Qxe1+ Kg2 83. Qe4+ Kg1 84. Qg4+ Kh1
85. Qh3 Kg1 86. Qg3+ 1-0

[Event "Gibtelecom ChallWk1 5th"]
[Site "Gibraltar"]
[Date "2007.01.25"]
[Round "3.13"]
[White "Wright, Jonathan"]
[Black "Vinas Guerrero, Carlos A"]
[Result "0-1"]
[WhiteElo "1600"]
[BlackElo "2124"]
[PlyCount "64"]
[EventDate "2007.01.23"]
[EventType "swiss"]
[EventRounds "5"]
[EventCountry "GGB"]
[SourceTitle "BritBase"]
[Source "www.saund.co.uk"]
[SourceDate "2018.02.10"]
[SourceVersion "1"]
[SourceVersionDate "2018.02.10"]
[SourceQuality "1"]

1. e4 c5 2. Nc3 e6 3. g3 Nc6 4. Bg2 Nf6 5. d3 Be7 6. f4 d5 7. e5 Nd7 8. Qg4 O-O
9. Nge2 f5 10. Qh3 Nb4 11. Kd1 d4 12. Nb5 a6 13. Na3 Nb6 14. g4 N4d5 15. gxf5
exf5 16. b3 Be6 17. Rg1 Rc8 18. Bd2 Nd7 19. Bf3 Qe8 20. Qh6 g6 21. h4 Qf7 22.
h5 Qg7 23. Qxg7+ Kxg7 24. c4 dxc3 25. Nxc3 Nxc3+ 26. Bxc3 b5 27. Bb2 c4 28.
dxc4 bxc4 29. Nxc4 Rb8 30. Kc2 Rfc8 31. Be2 Bc5 32. hxg6 hxg6 0-1

[Event "Gibtelecom ChallWk1 5th"]
[Site "Gibraltar"]
[Date "2007.01.25"]
[Round "3.14"]
[White "Beltran Medina, Jorge"]
[Black "Mayers, Dan"]
[Result "0-1"]
[WhiteElo "2104"]
[BlackElo "1965"]
[PlyCount "72"]
[EventDate "2007.01.23"]
[EventType "swiss"]
[EventRounds "5"]
[EventCountry "GGB"]
[SourceTitle "BritBase"]
[Source "www.saund.co.uk"]
[SourceDate "2018.02.10"]
[SourceVersion "1"]
[SourceVersionDate "2018.02.10"]
[SourceQuality "1"]

1. d4 e6 2. c4 f5 3. Nf3 b6 4. g3 Bb7 5. Bg2 Nf6 6. O-O g6 7. Nc3 Bg7 8. d5 Qe7
9. Bf4 Ne4 10. d6 Nxd6 11. Bxd6 Qxd6 12. Qxd6 cxd6 13. Nb5 Ke7 14. Nc7 Bxb2 15.
Rab1 Bf6 16. Nxa8 Bxa8 17. Rfc1 Be4 18. Rb3 Rc8 19. Nd2 Bxg2 20. Kxg2 Nc6 21.
e3 Ne5 22. f4 Nc6 23. Kf3 d5 24. Rbb1 dxc4 25. Rxc4 d5 26. Rcc1 Kd7 27. Nb3 g5
28. h3 a5 29. Kf2 gxf4 30. gxf4 a4 31. Nd2 Rb8 32. Rb5 a3 33. Rg1 Nb4 34. Nf3
Nxa2 35. Ne5+ Kd6 36. Rg2 Nc3 0-1

[Event "Gibtelecom ChallWk1 5th"]
[Site "Gibraltar"]
[Date "2007.01.25"]
[Round "3.15"]
[White "Sharp, Dale"]
[Black "Pettersen, Joar Gullestad"]
[Result "0-1"]
[WhiteElo "2085"]
[BlackElo "2032"]
[PlyCount "62"]
[EventDate "2007.01.23"]
[EventType "swiss"]
[EventRounds "5"]
[EventCountry "GGB"]
[SourceTitle "BritBase"]
[Source "www.saund.co.uk"]
[SourceDate "2018.02.10"]
[SourceVersion "1"]
[SourceVersionDate "2018.02.10"]
[SourceQuality "1"]

1. e4 e5 2. f4 exf4 3. Nf3 Nf6 4. e5 Ne4 5. d3 Ng5 6. Bxf4 Nxf3+ 7. Qxf3 d6 8.
Nc3 dxe5 9. Bxe5 Nc6 10. Bg3 Be7 11. Nb5 Bb4+ 12. c3 Ba5 13. Qf4 O-O 14. O-O-O
Be6 15. d4 Bxa2 16. Nxc7 Rc8 17. Nb5 Qb6 18. Nd6 Bxc3 19. bxc3 Qb1+ 20. Kd2
Qb2+ 21. Kd3 Nb4+ 22. cxb4 Rc3+ 23. Ke4 f5+ 24. Ke5 Qxb4 25. Bh4 Rc6 26. Be7
Re8 27. Qh4 Qxd6+ 28. Kxf5 Rxe7 29. Qg3 Qf6+ 30. Kg4 Re4+ 31. Kh3 Qh6+ 0-1

[Event "Gibtelecom ChallWk1 5th"]
[Site "Gibraltar"]
[Date "2007.01.25"]
[Round "3.16"]
[White "Hickman, John E"]
[Black "Kuenitz, Klaus"]
[Result "1-0"]
[WhiteElo "2052"]
[BlackElo "1733"]
[PlyCount "45"]
[EventDate "2007.01.23"]
[EventType "swiss"]
[EventRounds "5"]
[EventCountry "GGB"]
[SourceTitle "BritBase"]
[Source "www.saund.co.uk"]
[SourceDate "2018.02.10"]
[SourceVersion "1"]
[SourceVersionDate "2018.02.10"]
[SourceQuality "1"]

1. e4 e5 2. Nf3 Nc6 3. Bb5 Nf6 4. O-O Bd6 5. Re1 Ne7 6. d4 Ng6 7. dxe5 Nxe5 8.
Nxe5 Bxe5 9. f4 Bd6 10. e5 Bc5+ 11. Be3 Ne4 12. Bxc5 Nxc5 13. Nc3 c6 14. Bf1
O-O 15. Qd2 Qb6 16. Kh1 Rd8 17. f5 Qxb2 18. Rab1 Qa3 19. Qg5 Qa5 20. Bc4 b5 21.
f6 g6 22. Qh6 Ne6 23. Bxe6 1-0

[Event "Gibtelecom ChallWk1 5th"]
[Site "Gibraltar"]
[Date "2007.01.25"]
[Round "3.17"]
[White "Jameson, David"]
[Black "Helin, Mikael"]
[Result "1-0"]
[WhiteElo "1972"]
[BlackElo "1951"]
[PlyCount "83"]
[EventDate "2007.01.23"]
[EventType "swiss"]
[EventRounds "5"]
[EventCountry "GGB"]
[SourceTitle "BritBase"]
[Source "www.saund.co.uk"]
[SourceDate "2018.02.10"]
[SourceVersion "1"]
[SourceVersionDate "2018.02.10"]
[SourceQuality "1"]

1. Nf3 c5 2. c4 Nc6 3. d4 cxd4 4. Nxd4 a6 5. Nc3 e6 6. a3 Qc7 7. g3 Nf6 8. Bg2
Ne5 9. Bf4 Nh5 10. Bxe5 Qxe5 11. O-O Nf6 12. e3 h5 13. h4 Qc7 14. Rc1 Ng4 15.
Qa4 Rb8 16. Ne4 g5 17. Nxg5 Be7 18. Ngf3 Rg8 19. Qc2 Rg7 20. b4 Bd6 21. Qe4 Nf6
22. Qc2 Ng4 23. Ne2 b6 24. c5 bxc5 25. bxc5 Bxg3 26. Nxg3 Bb7 27. Qc3 f6 28. c6
dxc6 29. Qc5 f5 30. Ng5 Rxg5 31. hxg5 h4 32. Bxc6+ Bxc6 33. Qxc6+ Qxc6 34. Rxc6
hxg3 35. Rxe6+ Kf7 36. Rxa6 Rb3 37. fxg3 Nxe3 38. Rc1 Rb7 39. a4 Nd5 40. a5 Kg7
41. Rd6 Ne3 42. Rb6 1-0

[Event "Gibtelecom ChallWk1 5th"]
[Site "Gibraltar"]
[Date "2007.01.25"]
[Round "3.19"]
[White "Kvisla, Johannes Luangtep"]
[Black "Ruiz Manrique, Joaquin"]
[Result "1-0"]
[WhiteElo "2134"]
[BlackElo "1950"]
[PlyCount "101"]
[EventDate "2007.01.23"]
[EventType "swiss"]
[EventRounds "5"]
[EventCountry "GGB"]
[SourceTitle "BritBase"]
[Source "www.saund.co.uk"]
[SourceDate "2018.02.10"]
[SourceVersion "1"]
[SourceVersionDate "2018.02.10"]
[SourceQuality "1"]

1. e4 e5 2. Nf3 Nc6 3. Bb5 a6 4. Ba4 b5 5. Bb3 Be7 6. O-O Nf6 7. d4 d6 8. c3
O-O 9. h3 Bb7 10. Re1 Ne8 11. Nbd2 Kh8 12. Nf1 f5 13. exf5 Rxf5 14. Ng3 Rf8 15.
dxe5 Nxe5 16. Nxe5 dxe5 17. Qxd8 Rxd8 18. Rxe5 Bd6 19. Re1 Nf6 20. Nf5 Bd5 21.
Nxd6 Rxd6 22. Be3 Rd7 23. Bd4 Nh5 24. Bc5 Rfd8 25. Be3 a5 26. Bg5 Nf6 27. Bc2
h6 28. Bxf6 gxf6 29. Bf5 Rg7 30. g4 h5 31. Rad1 c6 32. Re3 Rdg8 33. a3 Rg5 34.
Kf1 Rd8 35. Ke1 Rgg8 36. Be4 Rg5 37. f4 Rg7 38. Kf2 Re7 39. Bxd5 Red7 40. Re6
cxd5 41. Rxf6 hxg4 42. hxg4 Rh7 43. Kg3 Re8 44. g5 Re3+ 45. Kg4 b4 46. Rxd5
bxa3 47. bxa3 Ra7 48. Rff5 Rc7 49. Rxa5 Rcxc3 50. Rf7 Kg8 51. Rb7 1-0

[Event "Gibtelecom ChallWk1 5th"]
[Site "Gibraltar"]
[Date "2007.01.25"]
[Round "3.20"]
[White "Dimitrijevic, Dragan"]
[Black "Manetto, Luis"]
[Result "1-0"]
[WhiteElo "2037"]
[BlackElo "1568"]
[PlyCount "53"]
[EventDate "2007.01.23"]
[EventType "swiss"]
[EventRounds "5"]
[EventCountry "GGB"]
[SourceTitle "BritBase"]
[Source "www.saund.co.uk"]
[SourceDate "2018.02.10"]
[SourceVersion "1"]
[SourceVersionDate "2018.02.10"]
[SourceQuality "1"]

1. Nf3 Nf6 2. c4 g6 3. Nc3 Bg7 4. e4 d6 5. d4 O-O 6. Be2 e5 7. Be3 Nc6 8. d5
Ne7 9. Nd2 Nd7 10. b4 f5 11. f3 Nf6 12. c5 f4 13. Bf2 Bd7 14. Qb3 Qc8 15. Nc4
Ne8 16. Rc1 g5 17. Na5 Kh8 18. O-O Nf6 19. cxd6 cxd6 20. Nb5 Qe8 21. Nc7 Qg6
22. Nxa8 Rxa8 23. Nxb7 g4 24. fxg4 Bxg4 25. Bxg4 Nxg4 26. Qf3 Nf6 27. Nxd6 1-0

[Event "Gibtelecom ChallWk1 5th"]
[Site "Gibraltar"]
[Date "2007.01.25"]
[Round "3.21"]
[White "Young, Melvyn"]
[Black "Garcia, Mario"]
[Result "1-0"]
[WhiteElo "1717"]
[BlackElo "1424"]
[PlyCount "67"]
[EventDate "2007.01.23"]
[EventType "swiss"]
[EventRounds "5"]
[EventCountry "GGB"]
[SourceTitle "BritBase"]
[Source "www.saund.co.uk"]
[SourceDate "2018.02.10"]
[SourceVersion "1"]
[SourceVersionDate "2018.02.10"]
[SourceQuality "1"]

1. e4 e5 2. Bc4 Nf6 3. d3 Nc6 4. f4 d6 5. Nf3 Bg4 6. c3 Be7 7. O-O O-O 8. Bb3
exf4 9. Bxf4 Nh5 10. Be3 Ne5 11. Qe2 Nxf3+ 12. gxf3 Bh3 13. Nd2 Bxf1 14. Rxf1
Kh8 15. f4 Nf6 16. Kh1 Nd7 17. Qg2 Qe8 18. f5 Bf6 19. d4 b5 20. Rf3 c6 21. Rh3
Qe7 22. Qg4 g6 23. Nf3 Rae8 24. fxg6 fxg6 25. Qxg6 Qg7 26. Qxg7+ Kxg7 27. Bh6+
Kh8 28. Bxf8 Nxf8 29. Bc2 Kg7 30. Nh4 Bxh4 31. Rxh4 Ng6 32. Rg4 Rf8 33. e5 dxe5
34. dxe5 1-0

[Event "Gibtelecom ChallWk1 5th"]
[Site "Gibraltar"]
[Date "2007.01.26"]
[Round "4.1"]
[White "Andreassen, Lars"]
[Black "Menon, Shanker"]
[Result "1-0"]
[WhiteElo "2160"]
[BlackElo "2194"]
[PlyCount "81"]
[EventDate "2007.01.23"]
[EventType "swiss"]
[EventRounds "5"]
[EventCountry "GGB"]
[SourceTitle "BritBase"]
[Source "www.saund.co.uk"]
[SourceDate "2018.02.10"]
[SourceVersion "1"]
[SourceVersionDate "2018.02.10"]
[SourceQuality "1"]

1. d4 d5 2. c4 c6 3. Nf3 Nf6 4. Nc3 dxc4 5. e4 b5 6. e5 Nd5 7. a4 e6 8. axb5
Nxc3 9. bxc3 cxb5 10. Ng5 Bb7 11. Qh5 Qd7 12. Be2 g6 13. Qh3 h5 14. Bf3 Be7 15.
O-O Nc6 16. Rd1 Nd8 17. Ne4 a5 18. Bg5 Bxg5 19. Nxg5 Bd5 20. Ne4 Bxe4 21. Bxe4
Ra6 22. Qe3 O-O 23. Qg5 Nc6 24. d5 Ne7 25. d6 Nf5 26. g4 hxg4 27. Qxg4 Kg7 28.
Bxf5 exf5 29. Qd4 Kg8 30. Qd5 Rb8 31. Rd4 a4 32. Re1 Qe6 33. Qc5 a3 34. Qc7 Qc8
35. Qe7 a2 36. Ra1 Qd8 37. e6 fxe6 38. Qxe6+ Kg7 39. Qe5+ Qf6 40. Qd5 Rd8 41.
Qb7+ 1-0

[Event "Gibtelecom ChallWk1 5th"]
[Site "Gibraltar"]
[Date "2007.01.26"]
[Round "4.2"]
[White "Urbina Perez, Juan Antonio"]
[Black "Farrand, Julian"]
[Result "1/2-1/2"]
[WhiteElo "2114"]
[BlackElo "2164"]
[PlyCount "85"]
[EventDate "2007.01.23"]
[EventType "swiss"]
[EventRounds "5"]
[EventCountry "GGB"]
[SourceTitle "BritBase"]
[Source "www.saund.co.uk"]
[SourceDate "2018.02.10"]
[SourceVersion "1"]
[SourceVersionDate "2018.02.10"]
[SourceQuality "1"]

1. e4 d6 2. d4 Nf6 3. Nc3 Nbd7 4. g3 e5 5. Nge2 c6 6. Bg2 Be7 7. a4 a5 8. O-O
O-O 9. b3 Re8 10. Bb2 Bf8 11. h3 g6 12. Re1 Qb6 13. d5 Nc5 14. Ba3 Bd7 15. Nc1
Rac8 16. Nd3 Nxd3 17. Qxd3 cxd5 18. Nxd5 Nxd5 19. exd5 Bf5 20. Be4 Bxh3 21. c4
Bd7 22. Qe3 Qxe3 23. Rxe3 b6 24. Kg2 Be7 25. Rae1 f5 26. Bd3 Kf7 27. f3 h5 28.
f4 exf4 29. gxf4 Bf8 30. Rxe8 Rxe8 31. Rxe8 Bxe8 32. Bc1 Bd7 33. Be3 Bg7 34.
Bxb6 Bc3 35. c5 dxc5 36. Bxc5 Bd2 37. Kf3 Ke8 38. Bb5 Kd8 39. Bb6+ Ke7 40. Bc5+
Kd8 41. Bd6 Be8 42. Bxe8 g5 43. fxg5 1/2-1/2

[Event "Gibtelecom ChallWk1 5th"]
[Site "Gibraltar"]
[Date "2007.01.26"]
[Round "4.3"]
[White "Vea, Odin Blikra"]
[Black "Dekker, Alain"]
[Result "1-0"]
[WhiteElo "2147"]
[BlackElo "2144"]
[PlyCount "137"]
[EventDate "2007.01.23"]
[EventType "swiss"]
[EventRounds "5"]
[EventCountry "GGB"]
[SourceTitle "BritBase"]
[Source "www.saund.co.uk"]
[SourceDate "2018.02.10"]
[SourceVersion "1"]
[SourceVersionDate "2018.02.10"]
[SourceQuality "1"]

1. e4 c5 2. Nc3 d6 3. f4 Nc6 4. Nf3 g6 5. Bc4 Bg7 6. d3 e6 7. O-O Nf6 8. Qe1
O-O 9. f5 exf5 10. Qh4 Ne5 11. Bg5 h6 12. Bxh6 Bxh6 13. Qxh6 Nfg4 14. Qf4 Kg7
15. Rae1 Rh8 16. exf5 Bxf5 17. h3 Nxf3+ 18. Qxf3 Ne5 19. Qxb7 Rb8 20. Qxa7 Ra8
21. Qb7 Rb8 22. Qd5 Be6 23. Qe4 Rh4 24. Rf4 Rxf4 25. Qxf4 Bxc4 26. dxc4 Rxb2
27. Re2 Rb4 28. Re4 f5 29. Rxe5 dxe5 30. Qxe5+ Kh7 31. Qxc5 Rb2 32. Nd5 Rxa2
33. Qd4 Kh6 34. Qc3 Ra8 35. Qe5 Qe8 36. Qf4+ Kg7 37. Qd4+ Kh6 38. Nc7 Qh8 39.
Qd2+ Kh7 40. Nxa8 Qa1+ 41. Kf2 Qxa8 42. c5 Qa4 43. Qc3 Qf4+ 44. Kg1 Qc1+ 45.
Kh2 Qf4+ 46. Qg3 Qe4 47. Qd6 f4 48. c6 f3 49. Qd7+ Kh6 50. gxf3 Qxf3 51. Qd2+
Kh5 52. c7 Qc6 53. Qa5+ g5 54. Qe5 Qxc2+ 55. Kg3 Qb3+ 56. Kf2 Qb6+ 57. Kf1 Qb1+
58. Ke2 Qc2+ 59. Ke3 Qb3+ 60. Kd4 Qa4+ 61. Kd5 Qd7+ 62. Kc5 Qc8 63. Kb6 Kh4 64.
Qe3 g4 65. hxg4 Kxg4 66. Qe4+ Kg5 67. Qd5+ Kg4 68. Qc6 Kf4 69. Ka7 $138 1-0

[Event "Gibtelecom ChallWk1 5th"]
[Site "Gibraltar"]
[Date "2007.01.26"]
[Round "4.4"]
[White "Millward, Richard"]
[Black "Schmidt, Raul"]
[Result "1/2-1/2"]
[WhiteElo "2140"]
[BlackElo "1979"]
[PlyCount "75"]
[EventDate "2007.01.23"]
[EventType "swiss"]
[EventRounds "5"]
[EventCountry "GGB"]
[SourceTitle "BritBase"]
[Source "www.saund.co.uk"]
[SourceDate "2018.02.10"]
[SourceVersion "1"]
[SourceVersionDate "2018.02.10"]
[SourceQuality "1"]

1. e4 d5 2. exd5 Qxd5 3. Nc3 Qd6 4. d4 c6 5. Nf3 Bf5 6. Bd3 Bg6 7. Be3 Nd7 8.
Qe2 Ngf6 9. O-O-O e6 10. Rhe1 Nd5 11. Nxd5 cxd5 12. Kb1 Be7 13. h3 O-O-O 14. g3
Qc6 15. Bf4 Bd6 16. Bxg6 hxg6 17. Rd3 Kb8 18. Rc3 Qb6 19. Ng5 Rhf8 20. Rb3 Qc7
21. Rc3 Qb6 22. Rb3 Qc7 23. Bxd6 Qxd6 24. f4 Rc8 25. Qd3 Nb6 26. h4 Nc4 27. Re2
Rc7 28. a3 Rfc8 29. Rf2 Qe7 30. Qe2 Qf6 31. Rd3 Rc6 32. Ka2 Qe7 33. g4 f6 34.
Nf3 Nd6 35. c3 Rb6 36. Nd2 Qf7 37. Re3 Nb5 38. Nb3 {remaining moves illegible}
1/2-1/2